|
|
|
|
| LEADER |
01650nam a2200493 a 4500 |
| 001 |
nkc20112202759 |
| 003 |
CZ PrNK |
| 005 |
20110907094324.0 |
| 007 |
ta |
| 008 |
110803s2011 xr a c f 000 0 cze |
| 015 |
|
|
|a cnb002202759
|
| 020 |
|
|
|a 978-80-256-0620-9
|q (váz.)
|
| 035 |
|
|
|a (OCoLC)752797822
|
| 040 |
|
|
|a ABA001
|b cze
|
| 041 |
1 |
|
|a cze
|h eng
|
| 072 |
|
7 |
|a 55
|x Vědy o Zemi. Geologické vědy
|2 Konspekt
|9 7
|
| 072 |
|
7 |
|a 0/9-053.2
|x Literatura pro děti a mládež (naučná)
|2 Konspekt
|9 26
|
| 080 |
|
|
|a 523.31
|2 MRF
|
| 080 |
|
|
|a 55
|2 MRF
|
| 080 |
|
|
|a (0.062)
|2 MRF
|
| 080 |
|
|
|a (0.053.2)
|2 MRF
|
| 100 |
1 |
|
|a Daynes, Katie
|7 kv2011648706
|4 aut
|
| 245 |
1 |
0 |
|a Jedinečná planeta Země /
|c Katie Daynes a Peter Allen
|
| 250 |
|
|
|a 1. české vyd.
|
| 260 |
|
|
|a Praha :
|b Svojtka & Co.,
|c 2011
|
| 300 |
|
|
|a 15 s. :
|b barev. il. ;
|c 29 cm
|
| 500 |
|
|
|a Přeloženo z angličtiny
|
| 500 |
|
|
|a Název z obálky
|
| 500 |
|
|
|a Kartonové listy s odklápěcími obrázky
|
| 650 |
0 |
7 |
|a Země
|7 ph117167
|2 czenas
|
| 650 |
0 |
7 |
|a vědy o Zemi
|7 ph127381
|2 czenas
|
| 650 |
0 |
9 |
|a Earth
|2 eczenas
|
| 650 |
0 |
9 |
|a Earth science
|2 eczenas
|
| 655 |
|
7 |
|a populárně-naučné publikace
|7 fd131864
|2 czenas
|
| 655 |
|
7 |
|a publikace pro děti
|7 fd133156
|2 czenas
|
| 655 |
|
9 |
|a popular works
|2 eczenas
|
| 655 |
|
9 |
|a children's literature
|2 eczenas
|
| 700 |
1 |
|
|a Allen, Peter,
|d 1964-
|7 xx0139942
|4 aut
|
| 765 |
0 |
|
|t See inside Planet Earth
|9 Česky
|
| 910 |
2 |
|
|a BOA001
|b M4-1268.542
|
| 990 |
|
|
|a BK
|
| 995 |
|
|
|a 01
|
| 991 |
|
|
|b 201108
|c NOV
|e n
|
| 996 |
6 |
|
|b 2610485164
|c M4-1268.542
|l MZK
|r Sklad / do 24 hodin
|n 0
|p p.v.
|w 001195247
|u 000010
|a 1
|e BOA001
|j MZK50
|s P
|